[Event "ISR-ch"]
[Site "Tel Aviv"]
[Date "1994.??.??"]
[Round "6"]
[White "Shachar, Ehud"]
[Black "Rotman, Daniel"]
[Result "1-0"]
[WhiteElo "2335"]
[BlackElo "2240"]
[PlyCount "81"]
[EventDate "1994.10.??"]
[EventType "swiss"]
[EventRounds "11"]
[EventCountry "ISR"]
[SourceTitle "EXT 1997"]
[Source "ChessBase"]
[SourceDate "1996.11.15"]
[SourceVersion "1"]
[SourceVersionDate "1996.11.15"]
[SourceQuality "1"]

1. e4 c5 2. Nf3 d6 3. d3 Nc6 4. g3 g6 5. Bg2 Bg7 6. 0-0 Nf6 7. Nbd2 0-0 8. c3 b6 9. Re1 Ne5 10. d4 cxd4 11. cxd4 Nd3 12. Re3 Nxf2 13. Qe1 N2g4 14. Rc3 e5 15. d5 Nd7 16. h3 Ngf6 17. b4 Ne8 18. Ba3 f5 19. Rd1 Ndf6 20. Ng5 Nc7 21. Bb2 h6 22. Ne6 Nxe6 23. dxe6 Bxe6 24. exf5 Bxf5 25. Bxa8 Qxa8 26. g4 Be6 27. Rc7 Nd5 28. Rxg7+ Kxg7 29. Bxe5+ dxe5 30. Qxe5+ Kh7 31. Qxe6 Nf4 32. Qe7+ Kg8 33. Ne4 Nxh3+ 34. Kh2 Qb8+ 35. Kxh3 Qf4 36. Ng3 h5 37. Qe6+ Kh7 38. Rd7+ Kh6 39. gxh5 Rf6 40. Qe7 Qf3 41. hxg6 1-0

[Event "ISR-ch"]
[Site "Tel Aviv"]
[Date "1994.??.??"]
[Round "5"]
[White "Zoler, Dan"]
[Black "Rotman, Daniel"]
[Result "1-0"]
[WhiteElo "2420"]
[BlackElo "2240"]
[PlyCount "81"]
[EventDate "1994.10.??"]
[EventType "swiss"]
[EventRounds "11"]
[EventCountry "ISR"]
[SourceTitle "EXT 1997"]
[Source "ChessBase"]
[SourceDate "1996.11.15"]
[SourceVersion "1"]
[SourceVersionDate "1996.11.15"]
[SourceQuality "1"]

1. d4 d5 2. c4 c6 3. Nf3 Nf6 4. Nc3 a6 5. a4 e6 6. g3 dxc4 7. Ne5 c5 8. dxc5 Qxd1+ 9. Nxd1 Bxc5 10. Bg2 0-0 11. 0-0 Nd5 12. Ne3 Nxe3 13. Bxe3 Bxe3 14. fxe3 Nd7 15. Nxc4 Rb8 16. Rfd1 Nf6 17. Nb6 e5 18. Rac1 Bg4 19. Kf2 Bf5 20. h3 h5 21. Ke1 Rfe8 22. Rc7 e4 23. a5 Re5 24. b4 g6 25. Rd4 Rb5 26. Kd2 Be6 27. Rc5 Kg7 28. Rxb5 axb5 29. h4 Rg8 30. Bxe4 Nxe4+ 31. Rxe4 Kf6 32. Rd4 g5 33. Nd7+ Bxd7 34. Rxd7 gxh4 35. gxh4 Rg4 36. Rd4 Ke5 37. Rxg4 hxg4 38. Ke1 f5 39. Kf2 Kf6 40. Kg3 Kg6 41. e4 1-0

[Event "Rishon Le Ziyyon"]
[Site "Rishon Le Ziyyon"]
[Date "1993.??.??"]
[Round "1"]
[White "Davies, Nigel Rodney"]
[Black "Rotman, Daniel"]
[Result "1-0"]
[WhiteElo "2505"]
[BlackElo "2205"]
[PlyCount "93"]
[EventDate "1993.??.??"]
[EventType "tourn"]
[EventRounds "13"]
[EventCountry "ISR"]
[EventCategory "8"]
[SourceTitle "EXT 1997"]
[Source "ChessBase"]
[SourceDate "1996.11.15"]
[SourceVersion "1"]
[SourceVersionDate "1996.11.15"]
[SourceQuality "1"]

1. d4 d5 2. Nf3 c6 3. c4 Nf6 4. Qb3 e6 5. g3 dxc4 6. Qxc4 b5 7. Qc2 Bb7 8. Bg2 Nbd7 9. Bg5 Qb6 10. a4 a6 11. 0-0 Rc8 12. Nc3 c5 13. Bxf6 Nxf6 14. axb5 axb5 15. Qb3 cxd4 16. Qxb5+ Qxb5 17. Nxb5 Bxf3 18. Bxf3 Bc5 19. b4 Bxb4 20. Na7 0-0 21. Nxc8 Rxc8 22. Rfb1 Bc3 23. Ra7 Rf8 24. Kg2 g6 25. Rbb7 Ne8 26. Bc6 Ng7 27. f4 Bd2 28. Kf3 Nh5 29. Bb5 Be3 30. Bc4 Ng7 31. g4 Bg1 32. h3 Be3 33. Rd7 Bg1 34. Rab7 Be3 35. Ke4 Bg1 36. Ke5 Bf2 37. Bb3 Be3 38. Ke4 Bf2 39. Kf3 Be3 40. Kg3 Bg1 41. Bc4 Be3 42. Ba2 Bg1 43. Bb3 Be3 44. h4 Bg1 45. h5 gxh5 46. f5 d3 47. exd3 1-0

[Event "Rishon Le Ziyyon"]
[Site "Rishon Le Ziyyon"]
[Date "1993.??.??"]
[Round "9"]
[White "Rotman, Daniel"]
[Black "Andrianov, Nikolai Ivanovich"]
[Result "0-1"]
[WhiteElo "2205"]
[BlackElo "2450"]
[PlyCount "72"]
[EventDate "1993.??.??"]
[EventType "tourn"]
[EventRounds "13"]
[EventCountry "ISR"]
[EventCategory "8"]
[SourceTitle "EXT 1997"]
[Source "ChessBase"]
[SourceDate "1996.11.15"]
[SourceVersion "1"]
[SourceVersionDate "1996.11.15"]
[SourceQuality "1"]

1. e4 c5 2. Nf3 e6 3. d4 cxd4 4. Nxd4 Nf6 5. Nc3 d6 6. Be2 Be7 7. 0-0 0-0 8. f4 Nc6 9. Be3 Qc7 10. Kh1 a6 11. a4 Re8 12. Bd3 Nb4 13. a5 Bd7 14. Qe1 Nxd3 15. cxd3 Rac8 16. Qg3 Kh8 17. Nf3 Bc6 18. Bd4 Nh5 19. Qg4 Nf6 20. Qh3 Nd7 21. Ng5 Bxg5 22. fxg5 Nf8 23. Qh5 Kg8 24. Bf6 e5 25. Rf3 Qd7 26. Raf1 Rc7 27. Bxg7 Kxg7 28. Qh6+ Kg8 29. g6 Nxg6 30. Rh3 f6 31. Rxf6 Qg7 32. Qxg7+ Kxg7 33. Rxd6 Rf8 34. Rf3 Rxf3 35. gxf3 Rd7 36. Rxd7+ Bxd7 0-1